000 00270nam a22001217a 4500
040 _cSY
082 _a634
100 _aNA
245 _aForest concession management plant of pheapimex fuchan cambodia co., ltd
260 _aRUA
_bNA
_c2002
300 _a59p.
942 _cEK
999 _c9733
_d9733